<?xml version="1.0" encoding="UTF-8"?>
<record
    xmlns:xsi="http://www.w3.org/2001/XMLSchema-instance"
    xsi:schemaLocation="http://www.loc.gov/MARC21/slim http://www.loc.gov/standards/marcxml/schema/MARC21slim.xsd"
    xmlns="http://www.loc.gov/MARC21/slim">

  <leader>00504nam a2200193   4500</leader>
  <controlfield tag="005">20230921151149.0</controlfield>
  <controlfield tag="008">20230921</controlfield>
  <datafield tag="020" ind1=" " ind2=" ">
    <subfield code="a">9780796224866</subfield>
  </datafield>
  <datafield tag="040" ind1=" " ind2=" ">
    <subfield code="a">RDA</subfield>
    <subfield code="c">3228</subfield>
  </datafield>
  <datafield tag="041" ind1=" " ind2=" ">
    <subfield code="2">E</subfield>
  </datafield>
  <datafield tag="082" ind1=" " ind2=" ">
    <subfield code="a">305.23 Gouw</subfield>
  </datafield>
  <datafield tag="100" ind1=" " ind2=" ">
    <subfield code="a">Gouws Eldrie</subfield>
    <subfield code="9">118072</subfield>
  </datafield>
  <datafield tag="245" ind1=" " ind2=" ">
    <subfield code="a">The Adolescent</subfield>
    <subfield code="c">E Gouws, N Kruger, S Burger</subfield>
  </datafield>
  <datafield tag="260" ind1=" " ind2=" ">
    <subfield code="a">Third Edition</subfield>
    <subfield code="b">Heineman Publishers</subfield>
    <subfield code="c">2008</subfield>
  </datafield>
  <datafield tag="300" ind1=" " ind2=" ">
    <subfield code="a">252 pages</subfield>
    <subfield code="c">24 cm</subfield>
  </datafield>
  <datafield tag="504" ind1=" " ind2=" ">
    <subfield code="6">Includes Bibliographic reference &amp; Indexes</subfield>
  </datafield>
  <datafield tag="521" ind1=" " ind2=" ">
    <subfield code="a">305.23</subfield>
  </datafield>
  <datafield tag="942" ind1=" " ind2=" ">
    <subfield code="2">ddc</subfield>
    <subfield code="c">BOOK</subfield>
    <subfield code="w">475</subfield>
    <subfield code="x">Thobile Khumalo</subfield>
    <subfield code="y">475</subfield>
    <subfield code="z">Thobile Khumalo</subfield>
  </datafield>
  <datafield tag="999" ind1=" " ind2=" ">
    <subfield code="c">757616</subfield>
    <subfield code="d">757615</subfield>
  </datafield>
  <datafield tag="952" ind1=" " ind2=" ">
    <subfield code="0">0</subfield>
    <subfield code="1">0</subfield>
    <subfield code="2">ddc</subfield>
    <subfield code="4">0</subfield>
    <subfield code="7">0</subfield>
    <subfield code="a">AMSTL</subfield>
    <subfield code="b">AMSTL</subfield>
    <subfield code="d">2023-09-21</subfield>
    <subfield code="l">0</subfield>
    <subfield code="o">305.23 Gouw</subfield>
    <subfield code="p">33228014385213</subfield>
    <subfield code="r">2023-09-21</subfield>
    <subfield code="w">2023-09-21</subfield>
    <subfield code="y">BOOK</subfield>
  </datafield>
</record>
